Química popular (Record no. 50360)

MARC details
000 -CABECERA
campo de control de longitud fija 00816nam a2200241 a 4500
003 - IDENTIFICADOR DEL NÚMERO DE CONTROL
campo de control MX-MxUPN
005 - FECHA Y HORA DE LA ÚLTIMA TRANSACCIÓN
campo de control 20240410063725.0
008 - ELEMENTOS DE LONGITUD FIJA--INFORMACIÓN GENERAL
campo de control de longitud fija 991125s1900 mx a r 000 0 spa d
035 ## - NÚMERO DE CONTROL DEL SISTEMA
Número de control de sistema UPN01000050360
040 ## - FUENTE DE LA CATALOGACIÓN
Centro catalogador/agencia de origen MX-MxUPN
Lengua de catalogación spa
Centro/agencia transcriptor MX-MxUPN
041 0# - CÓDIGO DE IDIOMA
Código de lengua del texto/banda sonora o título independiente spa
050 14 - SIGNATURA TOPOGRÁFICA DE LA BIBLIOTECA DEL CONGRESO
Número de clasificación QD31
Número de documento/Ítem L4.6
100 1# - ASIENTO PRINCIPAL--NOMBRE PERSONAL
Nombre de persona León, Luis G.,
Fechas asociadas al nombre 1866-1913
9 (RLIN) 28986
245 10 - MENCIÓN DE TÍTULO
Título Química popular
260 ## - PUBLICACIÓN, DISTRIBUCIÓN, ETC.
Lugar de publicación, distribución, etc. México :
Nombre del editor, distribuidor, etc. Librería de Ch. Bouret,
Fecha de publicación, distribución, etc. 1900
300 ## - DESCRIPCIÓN FÍSICA
Extensión 203 páginas :
Otras características físicas ilustraciones
506 0# - NOTA DE RESTRICCIONES AL ACCESO
Limitaciones de acceso Acceso abierto.
530 ## - NOTA DE FORMATO FÍSICO ADICIONAL DISPONIBLE
Nota de formato físico adicional disponible También disponible en línea.
536 ## - NOTA DE INFORMACIÓN SOBRE FINANCIAMIENTO
Texto de la nota Libros de texto digitalizados bajo el patrocinio del Instituto Georg-Eckert.
650 #4 - ASIENTO SECUNDARIO DE MATERIA - TERMINO TEMATICO
Término de materia o nombre geográfico como elemento de entrada Química
Subdivisión general Estudio y enseñanza (Elemental)
9 (RLIN) 7240
650 #4 - ASIENTO SECUNDARIO DE MATERIA - TERMINO TEMATICO
Término de materia o nombre geográfico como elemento de entrada Química
Subdivisión de forma Libros de texto
9 (RLIN) 44690
856 41 - LOCALIZACIÓN Y ACCESO ELECTRÓNICOS
Identificador Uniforme del Recurso <a href="http://200.23.113.51/pdf/librosdetexto2/125180.pdf">http://200.23.113.51/pdf/librosdetexto2/125180.pdf</a>
Holdings
Estado de retiro Estado de pérdida Fuente del sistema de clasificación o colocación Estado dañado No para préstamo Código de colección Localización permanente Ubicación/localización actual Ubicación en estantería Fecha de adquisición Enumeración/cronología de publicación seriada Total de préstamos Clasificación Código de barras Fecha visto por última vez Fecha del último préstamo Número de copia Tipo de ítem Koha Identificador Uniforme del Recurso Precio válido a partir de
    Library of Congress Classification   Disponible (Previa cita) Fondo Reservado de libros Bib. Gregorio Torres Quintero Bib. Gregorio Torres Quintero Sala de Fondos Reservados Planta alta 13/09/2022 - 2 QD31 L4.6 125180 18/09/2024 22/02/2024 1 Libro    
    Library of Congress Classification     Colección Libros de Texto GEI/UPN Bib. Gregorio Torres Quintero Bib. Gregorio Torres Quintero En línea 08/04/2024     QD31   08/04/2024     Libro Electrónico http://200.23.113.51/pdf/librosdetexto2/125180.pdf 08/04/2024